| 000 | 01782nam0a22003371 4500 | ||
|---|---|---|---|
| 001 | rc\932371 | ||
| 005 | 20260405060737.0 | ||
| 035 | _a(NLR Aleph) 006105418 | ||
| 090 |
_a5302827 _c5302827 |
||
| 100 | _a20041129d1982 |||y0rusy50 ca | ||
| 101 | 0 | _arus | |
| 102 | _aRU | ||
| 105 | _ay ||||||||| | ||
| 200 | 1 |
_aЕще одна житейская история _eРассказы _eПер. с англ. _fДжон Чивер _gСост. Т. Кудрявцевой _gПредисл. А. Мулярчика |
|
| 210 |
_aМ. _cИзвестия _d1982 |
||
| 215 |
_a124 с. _d16 |
||
| 225 | 1 | _aБиблиотека журнала "Иностранная Литература" | |
| 327 | 1 | _aСодерж.: Рассказы: День, когда свинья упала в колодец; Сент-Джеймский автобус; Химера; Смерть Жюстины; Перси; Монтральдо; Еще одна житейская история | |
| 464 | 0 |
_12001#$aДень, когда свинья упала в колодец _tДень, когда свинья упала в колодец |
|
| 464 | 0 |
_12001#$aСент-Джеймский автобус _tСент-Джеймский автобус |
|
| 464 | 0 |
_12001#$aХимера _tХимера |
|
| 464 | 0 |
_12001#$aСмерть Жюстины _tСмерть Жюстины |
|
| 464 | 0 |
_12001#$aПерси _tПерси |
|
| 464 | 0 |
_12001#$aМонтральдо _tМонтральдо |
|
| 464 | 0 |
_12001#$aЕще одна житейская история _tЕще одна житейская история |
|
| 700 | 1 |
_8rus _7ca _aЧивер _bД. _f1912-1982 _gДжон _3RU\NLR\auth\7719966 _93035 |
|
| 801 | 0 |
_aRU _bNLR _gpsbo |
|
| 801 | 1 |
_aRU _bELAR _2rusmarc |
|
| 852 |
_aNLR _j84-2/2220 |
||
| 942 | _cBOOK | ||
| 980 | _aNB | ||